000 00642nam a2200241 a 4500
001 0001-1090
003 ELIB.Books
008 150115 2010 eng
020 _a0891091939
035 _a(ELIB.Books)0001-1245
092 _a241
_bTha
100 _aThatcher, Martha.
245 _aThe Freedom of Obedience
_bChoosing the Way of True Liberation
260 _aColorado Springs
_bNAV Press
_c1986
300 _a179
_c20.3 Cm
500 _aC/o Moe Lwai
650 _aChristian Ethics
856 _nKBTS; Library
_uKBTS; Elib.
942 _2ddc
_cBK
990 _a1
998 _cbat
_e2015-01-15
999 _c11090
_d11090